| 000 | 00466nam a2200169 i 4500 | ||
|---|---|---|---|
| 001 | 19493 | ||
| 003 | ES-MaACL | ||
| 007 | t| | ||
| 008 | 021001s1974 sp ||||1| spa d | ||
| 100 | 1 |
_aAbad, Alberto, _qAbad González _917892 |
|
| 245 | 1 | 0 |
_aGestión financiera en la empresa / _cAlberto Abad. |
| 250 | _a[2ª ed.]. | ||
| 260 |
_aMadrid, etc. : _bIndez, _c[1974] |
||
| 300 |
_a382 p. ; _c25 cm. |
||
| 852 |
_aES-MaACL _jE-6461 _bR.90988 |
||
| 999 |
_c19493 _d19493 |
||